01069na a2200289 450000100060000000300080000600500170001400800410003102000180007203500100009004000250010008200230012510000260014824501360017424600480031026000660035830000240042449000350044849000530048350000900053650400290062660000420065565000220069765000150071970000220073470000230075612657MIRAKIL20181213155208.0160812b tu 000 0  a9786053992554 a12657 aMilasbturcTR-AnCHP a150.195bM52f 2012 aMıtchell, Stephen A. aFreud ve sonrasıbModern psikanalitik düşüncenin tarihicStephen A. Mitchell, Margaret J. Black ; Çeviren Ayhan Eğrilmez aModern psikanalitik düşüncenin tarihi aİstanbulbİstanbul Bilgi Üniversitesi Yayınlarıc2012 avii, 312 s.c23 sm. aPsikanaliz/Psikoloji dizisiv6 aİstanbul Bilgi Üniversitesi yayınlarıv397 aÖzgün yapıt adı : Freud and beyond : a history of modern psychoanalytic thought aKaynakça ve dizin var. aFreud, Sigmundd1856-1939ePsikanaliz aPsikanalizxTarih aPsikanaliz aEğrilmez, Ayhan aBlack, J. Margaret